<?xml version='1.0' encoding='UTF-8'?>
  <record xmlns="http://www.loc.gov/MARC21/slim">
    <leader>00000ctm a22000007i 4500</leader>
    <controlfield tag="001">on1521239367</controlfield>
    <controlfield tag="003">OCoLC</controlfield>
    <controlfield tag="005">20250613033859.2</controlfield>
    <controlfield tag="008">250528q16401641xx            000 0 arm d</controlfield>
    <datafield tag="040" ind1=" " ind2=" ">
      <subfield code="a">QGJ</subfield>
      <subfield code="b">eng</subfield>
      <subfield code="e">rda</subfield>
      <subfield code="e">dcrmmss</subfield>
      <subfield code="c">QGJ</subfield>
      <subfield code="d">QGJ</subfield>
      <subfield code="d">OCLCO</subfield>
      <subfield code="d">QGJ</subfield>
    </datafield>
    <datafield tag="066" ind1=" " ind2=" ">
      <subfield code="c">Grek</subfield>
      <subfield code="c">Armn</subfield>
    </datafield>
    <datafield tag="035" ind1=" " ind2=" ">
      <subfield code="a">(OCoLC)1521239367</subfield>
    </datafield>
    <datafield tag="242" ind1="1" ind2="0">
      <subfield code="a">Colloquium between an Armenian and a Roman on primacy in the church</subfield>
      <subfield code="y">eng</subfield>
    </datafield>
    <datafield tag="245" ind1="0" ind2="0">
      <subfield code="6">880-01</subfield>
      <subfield code="a">&lt;&gt;.</subfield>
    </datafield>
    <datafield tag="246" ind1="1" ind2=" ">
      <subfield code="6">880-02</subfield>
      <subfield code="i">Title in P.A. Tiele, Catalogus codicum manu scriptorum Bibliothecae Universitatis Rheno-Trajectinae:</subfield>
      <subfield code="a">Colloquium inter armenum et romanum de primatu in ecclesia, Armenice</subfield>
    </datafield>
    <datafield tag="264" ind1=" " ind2="0">
      <subfield code="a">[Place of production not identified],</subfield>
      <subfield code="c">18th April 1090 [1640 or 1641]</subfield>
    </datafield>
    <datafield tag="300" ind1=" " ind2=" ">
      <subfield code="a">[2] blank leaves, [200] unnumbered leaves, [2] unnumbered blank leaves ;</subfield>
      <subfield code="c">106 x 155 (88 x 122) mm</subfield>
    </datafield>
    <datafield tag="336" ind1=" " ind2=" ">
      <subfield code="a">text</subfield>
      <subfield code="b">txt</subfield>
      <subfield code="2">rdacontent</subfield>
    </datafield>
    <datafield tag="337" ind1=" " ind2=" ">
      <subfield code="a">unmediated</subfield>
      <subfield code="b">n</subfield>
      <subfield code="2">rdamedia</subfield>
    </datafield>
    <datafield tag="338" ind1=" " ind2=" ">
      <subfield code="a">volume</subfield>
      <subfield code="b">nc</subfield>
      <subfield code="2">rdacarrier</subfield>
    </datafield>
    <datafield tag="340" ind1=" " ind2=" ">
      <subfield code="a">paper</subfield>
      <subfield code="2">rdamat</subfield>
    </datafield>
    <datafield tag="500" ind1=" " ind2=" ">
      <subfield code="a">Title based on incipit.</subfield>
    </datafield>
    <datafield tag="500" ind1=" " ind2=" ">
      <subfield code="6">880-03</subfield>
      <subfield code="a">Year of publication and scribe taken from colophon on pages 199v-200r.</subfield>
    </datafield>
    <datafield tag="500" ind1=" " ind2=" ">
      <subfield code="6">880-04</subfield>
      <subfield code="a">The text is written in black ink.</subfield>
    </datafield>
    <datafield tag="500" ind1=" " ind2=" ">
      <subfield code="a">Foliated in pencil.</subfield>
    </datafield>
    <datafield tag="500" ind1=" " ind2=" ">
      <subfield code="a">Preliminary title.</subfield>
    </datafield>
    <datafield tag="500" ind1=" " ind2=" ">
      <subfield code="6">880-05</subfield>
      <subfield code="a">First work in this collection titled: Pataskhanikʻ Mkhitʻaray Kʻahanayi Skewṛatsʻioy haghags hamapatuutʻean Erkotasan Aṛakʻelotsʻ.</subfield>
    </datafield>
    <datafield tag="524" ind1="8" ind2=" ">
      <subfield code="a">Cite as: Universiteitsbibliotheek Utrecht Hs. 1477 (Hs. 1 G 28)</subfield>
    </datafield>
    <datafield tag="541" ind1=" " ind2=" ">
      <subfield code="c">Gift;</subfield>
      <subfield code="a">Christian Raue;</subfield>
      <subfield code="d">1644</subfield>
    </datafield>
    <datafield tag="546" ind1=" " ind2=" ">
      <subfield code="a">Text in Grabar (Old Armenian).</subfield>
    </datafield>
    <datafield tag="561" ind1=" " ind2=" ">
      <subfield code="a">Obtained by Christianus Ravius (Christian Raue), probably in Istanbul, approximately 1640. Donated to Utrecht University (then, Utrechtsche Academie) on January 15th, 1644, to the Senate Library (does not appear in the Catalogue of 1670, but has call number ‘237 i’ in manuscript). Transferred to the University Library in 1718 (see the catalogue of 1754, p. 34 (278k) (Utr. Or. 45)).</subfield>
    </datafield>
    <datafield tag="562" ind1=" " ind2=" ">
      <subfield code="a">Old call numbers: Utr. Or. 45; N.237.i.; N.278.k.</subfield>
    </datafield>
    <datafield tag="563" ind1=" " ind2=" ">
      <subfield code="a">Half-leather binding decorated with 17th century combed marbled paper over pasteboards.</subfield>
    </datafield>
    <datafield tag="610" ind1="2" ind2="0">
      <subfield code="a">Armenian Church</subfield>
      <subfield code="x">Controversial literature</subfield>
      <subfield code="v">Early works to 1800.</subfield>
    </datafield>
    <datafield tag="610" ind1="2" ind2="0">
      <subfield code="a">Catholic Church</subfield>
      <subfield code="x">Controversial literature</subfield>
      <subfield code="v">Early works to 1800.</subfield>
    </datafield>
    <datafield tag="650" ind1=" " ind2="0">
      <subfield code="a">Popes</subfield>
      <subfield code="x">Primacy</subfield>
      <subfield code="v">Early works to 1800.</subfield>
    </datafield>
    <datafield tag="650" ind1=" " ind2="6">
      <subfield code="a">Papes</subfield>
      <subfield code="x">Primauté</subfield>
      <subfield code="v">Ouvrages avant 1800.</subfield>
    </datafield>
    <datafield tag="700" ind1="1" ind2=" ">
      <subfield code="a">Raue, Christian,</subfield>
      <subfield code="d">1613-1677,</subfield>
      <subfield code="e">former owner,</subfield>
      <subfield code="e">donor.</subfield>
      <subfield code="4">fmo</subfield>
      <subfield code="4">dnr</subfield>
      <subfield code="1">https://id.oclc.org/worldcat/entity/E39PBJktk63CvBcmjgFcwGKKh3</subfield>
    </datafield>
    <datafield tag="710" ind1="2" ind2=" ">
      <subfield code="a">Universiteit Utrecht.</subfield>
      <subfield code="b">Bibliotheek.</subfield>
      <subfield code="k">Manuscript.</subfield>
      <subfield code="n">Hs. 1477 (Hs. 1 G 28)</subfield>
    </datafield>
    <datafield tag="880" ind1="0" ind2="0">
      <subfield code="6">245-01/Grek</subfield>
      <subfield code="a">Anhasaneli ew ancanōt῾ coc῾oy cnūnd,</subfield>
      <subfield code="f">UBU Hs. 1477 (Hs. 1 G 28)</subfield>
    </datafield>
    <datafield tag="880" ind1="1" ind2=" ">
      <subfield code="6">246-00/Armn</subfield>
      <subfield code="i">Title as described by the scribe in the colophon:</subfield>
      <subfield code="a">ժողովածու գիրք</subfield>
    </datafield>
    <datafield tag="880" ind1="1" ind2=" ">
      <subfield code="6">246-00/Grek</subfield>
      <subfield code="i">Title as described by the scribe in the colophon:</subfield>
      <subfield code="a">žołovacu girk῾</subfield>
    </datafield>
    <datafield tag="880" ind1="3" ind2=" ">
      <subfield code="6">246-02/Armn</subfield>
      <subfield code="a">Անհասանելի եւ անծանօթ ծոցոյ ծնունդ,</subfield>
      <subfield code="f">UBU Hs. 1477 (Hs. 1 G 28)</subfield>
    </datafield>
    <datafield tag="880" ind1=" " ind2=" ">
      <subfield code="6">500-00/Armn</subfield>
      <subfield code="a">Incipit: Անհասանելի եւ անծանօթ ծոցոյ ծնունդ միայնոյ հօր միածին որդի լոյս փառաց.</subfield>
    </datafield>
    <datafield tag="880" ind1=" " ind2=" ">
      <subfield code="6">500-00/Grek</subfield>
      <subfield code="a">Incipit: Anhasaneli ew ancanōt῾ coc῾oy cnūnd miaynoy hōr miacin ordi loys p῾aṙac῾.</subfield>
    </datafield>
    <datafield tag="880" ind1=" " ind2=" ">
      <subfield code="6">500-03/Armn</subfield>
      <subfield code="a">Scribe is Grigor (գրիգորի).</subfield>
    </datafield>
    <datafield tag="880" ind1=" " ind2=" ">
      <subfield code="6">500-04/Armn</subfield>
      <subfield code="a">Colophon: ...Արդ յանկեալ կատարեցաւ ժողովածու գիրքս ձեռնտութ[եամ]բ ամենայ ս[ուր]բ հոգոյն եւ յաւժանդակութ[եամ]բ տ[եառ]ն մերոյ յ[իսուս]ի ք[րիստոս]ի ձեռամբ ստահակ եւ սոսկապանծ անձին գրիգորի յաւուրս յինանց քառասնորդի. թվին ռղ յամսեանն չորրորդի ապրիլի ժըի յաւուր պատկերներ շաբաթ առ [200r] յիշատակ իմ վարպետին ոսկան անուն կրանաւորի, որք հանդիպիք այսմ տառի գծայ գրեցելոյ իմով բազկի, միով բանիւ տ[է]ր ողորմի մի խնայէք շարայ գծողի զի եւ հանուրց տ[է]րն բարի առ հասարակ ողորմեսցի ինձ գծողիս եղկապատի. ձեզ լսողացդ գերայ հրաշից։ Որում փառք յաւիտեանս. Ամէն. Հայր մեր որ յերկինս ս[ուր]բ եղիցի անուն քո։</subfield>
    </datafield>
    <datafield tag="880" ind1=" " ind2=" ">
      <subfield code="6">500-05/Armn</subfield>
      <subfield code="a">First work in this collection titled: Պատասխանիք Մխիթարայ Քահանայի Սկեւռացիոյ հաղագս համապատուութեան Երկոտասան Առաքելոց.</subfield>
    </datafield>
  </record>